Fr. Conceicao Rodrigues College of Engineering

Elements of partial differential equations (Record no. 27122)

MARC details
000 -LEADER
fixed length control field 00304nam a2200133Ia 4500
082 ## - DEWEY DECIMAL CLASSIFICATION NUMBER
Classification number 515.35
Item number SNE
100 ## - MAIN ENTRY--PERSONAL NAME
Personal name Sneddon/Ian
245 ## - TITLE STATEMENT
Title Elements of partial differential equations
260 ## - PUBLICATION, DISTRIBUTION, ETC.
Name of publisher, distributor, etc. McGraw Hill
Place of publication, distribution, etc. Aucklalnd
Date of publication, distribution, etc. 1984
300 ## - PHYSICAL DESCRIPTION
Extent 327
546 ## - LANGUAGE NOTE
Language note ENGLISH
654 ## - SUBJECT ADDED ENTRY--FACETED TOPICAL TERMS
Focus term equation
942 ## - ADDED ENTRY ELEMENTS (KOHA)
Koha item type BOOK
Holdings
Withdrawn status Lost status Damaged status Not for loan Collection Home library Current library Shelving location Date acquired Cost, normal purchase price Total Checkouts Full call number Barcode Date last seen Cost, replacement price Price effective from Koha item type
        CRC Fr. Agnel's C.Rodrigues College of Engineering Fr. Agnel's C.Rodrigues College of Engineering   17/03/2023 80.00   515.35 SNE 618 17/03/2023 80.00 17/03/2023 BOOK